Loading...
| Literature - British | 0 | 3 | 0 | 1 | 30 | 32 | 72.67 | 0 | 1 | 11.57 | 15.56 |
| History - American | 0 | 3 | 0 | 0 | 30 | 74 | 89.67 | 0 | 1 | 6.57 | 14.44 |
| Literature - European | 0 | 2 | 0 | 0 | 20 | 48 | 69.00 | 0 | 0 | 8.07 | 10.00 |
| Fine Arts - Painting and Sculpture | 0 | 1 | 0 | 0 | 10 | 69 | 69.00 | 0 | 0 | 4.05 | 4.44 |
| History - European | 0 | 1 | 0 | 0 | 10 | 105 | 105.00 | 0 | 0 | 0.00 | 1.11 |
| Mythology | 0 | 1 | 0 | 0 | 10 | 69 | 69.00 | 0 | 0 | 3.95 | 3.33 |
| Philosophy | 0 | 1 | 0 | 0 | 10 | 110 | 110.00 | 0 | 0 | 0.00 | 1.39 |
| Science - Biology | 0 | 0 | 1 | 0 | -5 | 0.00 | 0 | 0 | 0.00 | 0.00 | |
| Science - Physics | 0 | 0 | 1 | 0 | -5 | 0.00 | 0 | 0 | 0.00 | 0.00 | |
| Religion | 0 | 0 | 1 | 0 | -5 | 0.00 | 0 | 0 | 0.00 | 0.00 | |
| History - World | 0 | 0 | 1 | 0 | -5 | 0.00 | 0 | 0 | 0.00 | 0.00 | |
| History - Other | 0 | 0 | 1 | 0 | -5 | 0.00 | 0 | 0 | 0.00 | 0.00 |